000 01341cam a22004094i 4500
003 PE-LiUPU
005 20250731173211.0
008 150625s r 000 0 d
035 _a(Sirsi) a32229
040 _aPE-LiUPU
_bspa
_cPE-LiUPU
_erda
066 _c(S
082 0 4 _a220.48
_bB46
_221
130 _aBiblia.
_lGriego.
242 0 4 _aLas letras sagradas del antiguo y nuevo testamento.
245 0 0 _aΤΑ ΙΕΡΑ ΓΡΑΜΜΑΤΑ ΗΤΟΙ Η ΠΑΛΑΙΑ ΚΑΙ Η ΝΕΑ ΔΙΑΘΗΚΗ.
264 1 _aAtenas :
_bΒΙΒΛΙΚΗ ΕΤΑΙΡΕΙΑ,
_c1960
336 _atext
_2rdacontent
337 _aunmediated
_2rdamedia
338 _avolume
_2rdacarrier
526 _aSEG42
526 _aSEG41
526 _aSEG40
526 _aSEG39
526 _aP94
526 _aP87
526 _aP86
526 _aP85
526 _aP77
526 _aP76
526 _aP35
630 0 4 _aBiblia.
_lGriego.
942 _2ddc
_cBOOK
949 _a220.48 B46
_wDEWEY
_c1
_i08998
_lCCODEBUL1
_mBUL
_p00.00
_r0
_sY
_tBOOK
_u2015-06-25
_xBIBLIOTECA
_zUNKNOWN
_0COMPRA
_o.STAFF. Colección General
596 _a1
999 _a220.48 B46
_wDEWEY
_c39865
_i08998
_d39865
_f2021-11-11
_g6
_lCCODEBUL1
_mBUL
_q2
_r0
_sY
_tBOOK
_u2015-6-25
_xTEOLOGIA
_zUNKNOWN
_0COMPRA
_o.STAFF. Colección General
980 _81
_gALBERTO SANCHEZ Responsable de Automatización